Eastern Utah Libraries Catalog: Duchesne, Heber, Roosevelt, & Vernal

Tuesday / (Record no. 22184)

MARC details
000 -LEADER
fixed length control field 00871cam a2200301 a 4500
003 - CONTROL NUMBER IDENTIFIER
control field XX-XxUND
005 - DATE AND TIME OF LATEST TRANSACTION
control field 20241220112045.0
008 - FIXED-LENGTH DATA ELEMENTS--GENERAL INFORMATION
fixed length control field 900515s1991 nyua j 000 1 eng
001 - CONTROL NUMBER
control field 21970322
010 ## - LIBRARY OF CONGRESS CONTROL NUMBER
LC control number 90039358 /AC
020 ## - INTERNATIONAL STANDARD BOOK NUMBER
International Standard Book Number 0395551137
035 ## - SYSTEM CONTROL NUMBER
System control number (Sirsi) i9780395551134
040 ## - CATALOGING SOURCE
Original cataloging agency DLC
Transcribing agency DLC
Modifying agency GZD
049 ## - LOCAL HOLDINGS (OCLC)
Holding library GY3B [1500701]
099 ## - LOCAL FREE-TEXT CALL NUMBER (OCLC)
Classification number PIC
099 ## - LOCAL FREE-TEXT CALL NUMBER (OCLC)
Classification number E
082 ## - DEWEY DECIMAL CLASSIFICATION NUMBER
Classification number CALDECOTT/1992
092 ## - LOCALLY ASSIGNED DEWEY CALL NUMBER (OCLC)
Classification number CALDECOTT/1992
100 1# - MAIN ENTRY--PERSONAL NAME
Personal name Wiesner, David.
9 (RLIN) 9922
245 10 - TITLE STATEMENT
Title Tuesday /
Statement of responsibility, etc David Wiesner.
260 ## - PUBLICATION, DISTRIBUTION, ETC. (IMPRINT)
Place of publication, distribution, etc New York :
Name of publisher, distributor, etc Clarion Books,
Date of publication, distribution, etc c1991.
300 ## - PHYSICAL DESCRIPTION
Extent 1 v. :
Other physical details col. ill. ;
Dimensions 24 x 28 cm.
520 ## - SUMMARY, ETC.
Summary, etc Frogs rise on their lily pads, float through the air, and explore the nearby houses while their inhabitants sleep.
650 #0 - SUBJECT ADDED ENTRY--TOPICAL TERM
Topical term or geographic name as entry element Frogs
Form subdivision Juvenile fiction.
9 (RLIN) 5683681
942 ## - ADDED ENTRY ELEMENTS (KOHA)
Koha item type BOOK
979 ## -
-- 372586
998 ## - LOCAL CONTROL INFORMATION (RLIN)
-- a45540
Holdings
Withdrawn status Lost status Source of classification or shelving scheme Damaged status Not for loan Collection code Home library Current library Shelving location Date acquired Source of acquisition Cost, normal purchase price Total Checkouts Total Renewals Full call number Barcode Date last seen Date checked out Cost, replacement price Price effective from Koha item type
    Dewey Decimal Classification     Children Caldecott Award Wasatch County Library Wasatch County Library Main Floor Childrens Area 03/05/2012 Amazon 17.95 34 13 E Wie 34301001063934 05/27/2025 05/19/2025 17.95 03/20/2020 BOOK
    Dewey Decimal Classification     Children Caldecott Award Wasatch County Library Wasatch County Library Main Floor Childrens Area 12/28/2007   15.95 51 8 E Wie 34301000615411 08/13/2025 05/31/2025 15.95 03/20/2020 BOOK
This project was made possible through a grant from the Institute of Museum and Library Service administered by the Utah State Library Division.

Wasatch County Library

  • 465 East 1200 South, Heber City, Utah 84032
  • Phone 435-654-1511 | Fax 435-654-6456

Hours

  • Monday - Friday 9:30 AM - 8:00 PM
  • Saturday 9:30 AM - 1:30 PM
  • Closed Sundays and Holidays